History Quiz

Random History or Art Quiz

Slideshow: French Painters Quiz Stats

Quiz not verified by Sporcle

Also try: Birds in Art
Challenge
Share
Tweet
Score 0/20 Timer 06:00
0 Plays Today
% Correct
Monet
93.9%
Degas
84.2%
Manet
73.1%
Gauguin
71.2%
Delacroix
65.5%
Cezanne
63.3%
Toulouse-Lautrec
62.7%
Seurat
61.4%
David
57.1%
Renoir
48.6%
% Correct
Matisse
46.8%
Rousseau
41.2%
Gericault
39%
Millet
29%
Pissarro
28.6%
Fragonard
27.4%
Poussin
22.1%
Sisley
17.5%
de la Tour
15.6%
Rigaud
10.5%

You're not logged in!

Compare scores with friends on all Sporcle quizzes.
Sign Up with Email
OR
Log In

You Might Also Like...

Show Comments

Extras

Top Quizzes Today


Score Distribution

Your Account Isn't Verified!

In order to create a playlist on Sporcle, you need to verify the email address you used during registration. Go to your Sporcle Settings to finish the process.